nederland - belangrijke gebieden - Statistieken

Algemene statistieken
  • Deze quiz is 30 keer genomen
    28 sinds de laatste reset
  • De gemiddelde score is 38 van 53
Antwoordstatistieken
Foto Antwoord % Correct
nederland
100%
utrecht
95%
flevoland
89%
gelderland
89%
limburg
89%
terschelling
89%
zeeland
89%
den haag/'s gravenhage
84%
ijsselmeer
84%
lelystad
84%
markermeer
84%
middelburg
84%
noord-brabant
84%
waddenzee
84%
afsluitdijk
79%
ameland
79%
amsterdam
79%
assen
79%
drenthe
79%
friesland
79%
groningen
79%
groningen
79%
leeuwarden
79%
maastricht
79%
noord-holland
79%
overijssel
79%
randstad
79%
texel
79%
utrecht
79%
vlieland
79%
waal
79%
zuid-holland
79%
zwolle
79%
arnhem
74%
schiermonnikoog
74%
schiphol
74%
den bosch/'s hertogenbosch
68%
haarlem
68%
ijssel
68%
maas
68%
twente
63%
amsterdam-rijnkanaal
58%
noordzeekanaal
58%
lek
53%
oosterschelde
53%
westerschelde
53%
zeeuws vlaanderen
53%
biesbos
42%
haarlemmermeer
42%
nieuwe waterweg
42%
neder-rijn
37%
vaalserberg
32%
rijnmond
16%
Geen overeenkomende quizzen gevonden
Scoreverdeling
Procent van Mensen met Elke Score
Percentiel versus Aantal Correcte Antwoorden
Uw Scoregeschiedenis
U heeft deze quiz nog niet genomen sinds de laatste reset